|
|
|
|
| LEADER |
01126nam a2200253 u 4500 |
| 001 |
10119175 |
| 003 |
upatras |
| 005 |
20210117205739.0 |
| 008 |
160219s1972 gr gre |
| 040 |
|
|
|a GR-PaULI
|c GR-PaULI
|
| 041 |
0 |
|
|a gre
|a eng
|
| 082 |
1 |
4 |
|a 745.094 95
|2 23
|
| 245 |
1 |
0 |
|a Ελληνικά διακοσμητικά θέματα
|b Greek ornament
|
| 246 |
1 |
1 |
|a Greek ornament
|
| 250 |
|
|
|a 2η έκδ.
|
| 260 |
|
|
|a Αθήνα
|b Εθνικός Οργανισμός Ελληνικής Χειροτεχνίας
|c 1972
|
| 300 |
|
|
|a 197 σ.
|b εικ.
|c 27 εκ.
|
| 500 |
|
|
|a Κείμενο παράλληλα σε ελληνικά και αγγλικά.
|
| 650 |
|
4 |
|a Διακοσμητικές τέχνες
|z Ελλάδα
|9 148978
|
| 852 |
|
|
|a GR-PaULI
|b ΠΑΤΡΑ
|b ΒΚΠ
|b ΔΩΡ
|k ΑΣΧΕ
|h 745.094 95 ΕΛΛ
|m 129886
|p 025000248947
|t 1
|g ΒΑΛ
|
| 942 |
|
|
|2 ddc
|c BK15
|
| 952 |
|
|
|0 0
|1 0
|2 ddc
|4 0
|6 745_094000000000000_95_ΕΛΛ
|7 0
|8 FIC
|9 189384
|a LISP
|b LISP
|c DON
|d 2016-04-24
|e ΒΑΛ
|i 129886
|l 0
|o 745.094 95 ΕΛΛ
|p 025000248947
|r 2016-04-24 00:00:00
|t 1
|w 2016-04-24
|y BK15
|
| 998 |
|
|
|c Λοτσάρη
|d 2016-02
|
| 999 |
|
|
|c 116662
|d 116662
|